Cachipún : adivinanzas, trabalenguas, rimas y juegos tradicionales del folclore /
Guardado en:
| Otros Autores: | , |
|---|---|
| Formato: | Electrónico eBook |
| Lenguaje: | español |
| Publicado: |
Providencia, Santiago de Chile:
RIL editores,
2011.
|
| Edición: | 1. ed. |
| Colección: | Bibliodiversidad.
|
| Materias: | |
| Acceso en línea: | Digitalia Hispánica |
| Etiquetas: |
Agregar Etiqueta
Sin Etiquetas, Sea el primero en etiquetar este registro!
|
MARC
| LEADER | 00000nam a2200000Ii 4500 | ||
|---|---|---|---|
| 001 | DIGRILEDIT0018 | ||
| 003 | NyNyDIG | ||
| 006 | m o d | ||
| 007 | cr ||||||||||| | ||
| 008 | 140101s2011 cl a o 000 0 spa d | ||
| 020 | |z 9789562848022 | ||
| 035 | |a (OCoLC)847595938 | ||
| 040 | |a DGITA |b eng |e pn |c DGITA | ||
| 050 | 1 | 4 | |a PZ8.3 eBook |
| 245 | 0 | 0 | |a Cachipún : |b adivinanzas, trabalenguas, rimas y juegos tradicionales del folclore / |c Verónica Herrera ; recopiladora, Sol Díaz ; ilustradora. |
| 250 | |a 1. ed. | ||
| 264 | 1 | |a Providencia, Santiago de Chile: |b RIL editores, |c 2011. | |
| 300 | |a 1 online resource (89 pages) | ||
| 336 | |a text |b txt |2 rdacontent | ||
| 337 | |a computer |b c |2 rdamedia | ||
| 338 | |a online resource |b cr |2 rdacarrier | ||
| 490 | 1 | |a Bibliodiversidad. | |
| 650 | 0 | |a Puzzles. | |
| 650 | 0 | |a Tongue twisters. | |
| 650 | 0 | |a Children |x Books and reading. | |
| 655 | 0 | |a Electronic books. | |
| 700 | 1 | |a Herrera Verónica | |
| 700 | 1 | |a Díaz, Sol. | |
| 791 | 2 | |a Digitalia (Firm), |e distributor. | |
| 830 | 0 | |a Bibliodiversidad. | |
| 793 | 0 | |g Digitalia eBook Collection: |a Ril Editores. | |
| 856 | 4 | 0 | |3 Digitalia Hispánica |u https://digitalia.unach.elogim.com/a/18525/ |
| 910 | |a Premium Collection: 2007-2012 | ||